000 00286nam a22001337a 4500
008 180917b xxu||||| |||| 00| 0 eng d
020 _a9780827384347
041 _aeng
080 _a573
100 _a11
101 _aMIC
245 _aSoil Microbiology
_cMark .C
942 _2udc
_cBK
999 _c47866
_d47866